00207nam a2200097Ia 4500008004100000041000800041082001400049100001700063245002000080260000900100240625s9999 xx 000 0 und d aeng a174.4 CRA aCRANE ANDREW aBUSINESS ETHICS c2010